000 00759cab a2200277 4500
001 ABS49206
008 090401t1993 xxu||||| |||| 00| 0 eng d
035 _a(Sirsi) u70339
041 _aeng
100 _aGlyn-Jonesm P.,
245 _aBuying a commercial property in France
260 _c1993
350 _a0
490 _aEuropean Business Monitor
_v5(11) August 1993, 86-88(3)
520 _aExamines the problems of buying commercial property in France.
650 _aBUSINESS TENANCIES
650 _aCODE DE LA CONSTRUCTION ET DE LHABITATION
650 _aCODE DE LURBANISME
650 _aCONVEYANCING
650 _aCOSTS
650 _aLEASES
650 _aTENURE
690 _aOVERSEAS-EUROPE
942 _n0
948 _c04/03/1997
999 _c44227
_d44227